000 01221cam a22003254a 4500
005 20230602135111.0
008 030320s2004 ohua b 001 0 eng
010 _a 2003104173
020 _a0324192029 (text and CD)
020 _a0324202679 (text)
020 _a0324191618 (CD)
035 _a(DLC) 2003104173
040 _aDLC
_cDLC
_dDLC
042 _apcc
_alcac
050 0 0 _aHF5679
_b.H26 2004
082 0 0 _a657/.0285/574
_222
100 1 _aHall, James A.,
_d1944-
245 1 0 _aAccounting information systems /
_cJames A. Hall.
250 _a4th ed.
260 _aMason, OH :
_bThomson/South-Western,
_cc2004.
300 _a1 v. (various pagings) :
_bill. ;
_c26 cm. +
500 _aTitle on CD-ROM: Introduction to accounting, business processes, and ERP.
504 _aIncludes bibliographical references and index.
538 _aSystem requirements for accompanying CD-ROM: Microsoft Internet Explorer.
650 0 _aInformation storage and retrieval systems
_xAccounting.
650 0 _aAccounting
_xData processing.
906 _a7
_bcbc
_corignew
_d3
_eepcn
_f20
_gy-gencatlg
999 _c18571
_d18571